[Event "C.to Provinciale KR 2007"]
[Site "Cutro ITA"]
[Date "2006.12.10"]
[Round "7"]
[White "Camposano, Antonio"]
[Black "Policastrese, Salvatore"]
[Result "0-1"]
[WhiteElo "1371"]
[BlackElo "1440"]
[PlyCount "88"]
[EventDate "2006.12.07"]

1. d4 d5 2. Nf3 Nc6 3. Bf4 Bf5 4. Nbd2 Nb4 5. e4 dxe4 6. Nh4 Qd7 7. c3 Nd5 8.
Be3 Ngf6 9. Nxf5 Qxf5 10. Qe2 c6 11. O-O-O Qe6 12. c4 Nxe3 13. Qxe3 a6 14. f3
b5 15. fxe4 Ng4 16. Qh3 Nf2 17. Qxe6 fxe6 18. Be2 Nxh1 19. Rxh1 g6 20. c5 Bh6
21. e5 Rf8 22. Kd1 Rf2 23. g4 Bxd2 24. Kxd2 a5 25. Ke3 Rf8 26. Bf3 Kd7 27. a3
Kc7 28. g5 Rh8 29. h4 h6 30. Be4 hxg5 31. Rg1 gxh4 32. Rxg6 Kd7 33. Kf2 Rag8
34. Bxc6+ Kxc6 35. Rxe6+ Kd7 36. d5 h3 37. c6+ Kd8 38. d6 exd6 39. exd6 h2 40.
c7+ Kd7 41. Re5 h1=Q 42. Rxb5 Qg2+ 43. Ke3 Rh4 44. Rb8 Rg3# 0-1

[Event "C.to Provinciale KR 2007"]
[Site "Cutro ITA"]
[Date "2006.12.10"]
[Round "7"]
[White "Guzzo, Giovanni"]
[Black "Zavaglia, Giuseppe"]
[Result "1/2-1/2"]
[WhiteElo "1798"]
[BlackElo "1886"]
[PlyCount "20"]
[EventDate "2006.12.07"]

1. Nf3 e6 2. g3 b6 3. Bg2 Bb7 4. d3 Nf6 5. O-O Be7 6. Nbd2 O-O 7. b3 d6 8. Bb2
Nbd7 9. e4 c5 10. Re1 Qc7 1/2-1/2

[Event "C.to Provinciale KR 2007"]
[Site "Cutro ITA"]
[Date "2006.12.10"]
[Round "7"]
[White "Macri', Pasquale"]
[Black "Alo', Lucio"]
[Result "0-1"]
[WhiteElo "1425"]
[BlackElo "1559"]
[PlyCount "54"]
[EventDate "2006.12.07"]

1. e4 e5 2. Nf3 Nc6 3. Bb5 Nge7 4. d3 a6 5. Bxc6 Nxc6 6. h3 Bc5 7. a3 h6 8. c3
d6 9. b4 Ba7 10. Bb2 O-O 11. d4 exd4 12. cxd4 Re8 13. d5 Rxe4+ 14. Kf1 Ne5 15.
Nxe5 dxe5 16. Nd2 Rf4 17. f3 Qh4 18. Qe1 Qxe1+ 19. Rxe1 f6 20. Rc1 Bb8 21. d6
c6 22. Nc4 Ba7 23. Ke2 Be6 24. g3 Bxc4+ 25. Rxc4 Rxc4 26. Rd1 Rd8 27. d7 Rc2+
0-1

[Event "C.to Provinciale KR 2007"]
[Site "Cutro ITA"]
[Date "2006.12.10"]
[Round "7"]
[White "Olivo, Ilaria"]
[Black "Pulvirenti, Carmelo"]
[Result "1/2-1/2"]
[WhiteElo "1419"]
[BlackElo "1703"]
[PlyCount "120"]
[EventDate "2006.12.07"]

1. d4 d5 2. c4 c6 3. Nc3 e6 4. Nf3 Bd6 5. e3 Nd7 6. Be2 Ngf6 7. O-O O-O 8. Qc2
Bb8 9. e4 dxe4 10. Nxe4 Nxe4 11. Qxe4 Nf6 12. Qh4 h6 13. Be3 Nh7 14. Qg4 e5 15.
Qe4 f5 16. Qc2 e4 17. Ne5 f4 18. Bd2 f3 19. Bd1 fxg2 20. Kxg2 Ng5 21. Be3 Bh3+
22. Kg1 Bxe5 23. dxe5 Bxf1 24. Kxf1 Qd3+ 25. Qxd3 exd3 26. Bb3 Nf3 27. Kg2 Nxe5
28. c5+ Kh8 29. Rd1 Rad8 30. h3 Kh7 31. f4 Ng6 32. Kg3 Ne7 33. Bc4 Nf5+ 34. Kf3
Nxe3 35. Kxe3 d2 36. Bd3+ g6 37. Rxd2 Rd5 38. b4 Rh5 39. Rh2 Re8+ 40. Kf3 Rd5
41. Bc2 Rd4 42. a3 Rf8 43. h4 Rdxf4+ 44. Ke3 Kg7 45. Rg2 Rf3+ 46. Ke2 Rxa3 47.
Rxg6+ Kf7 48. Rxh6 Ra2 49. Kd1 Rd8+ 50. Kc1 Rxc2+ 51. Kxc2 Kg7 52. Re6 Kf7 53.
Re2 Rd4 54. Rh2 Rxb4 55. h5 Kg7 56. h6+ Kh7 57. Kd3 Rf4 58. Rb2 Rf7 59. Ra2 a6
60. Rh2 Rf6 1/2-1/2

[Event "C.to Provinciale KR 2007"]
[Site "Cutro ITA"]
[Date "2006.12.10"]
[Round "7"]
[White "Olivo, Paolo"]
[Black "Abatino, Maurizio"]
[Result "1-0"]
[WhiteElo "1589"]
[BlackElo "2192"]
[PlyCount "69"]
[EventDate "2006.12.07"]

1. e4 e6 2. d4 d5 3. Nd2 c5 4. exd5 Qxd5 5. Ngf3 cxd4 6. Bc4 Qd6 7. O-O Nf6 8.
Nb3 Nc6 9. Nbxd4 Nxd4 10. Nxd4 Bd7 11. Re1 Be7 12. Bb3 O-O 13. Bg5 Rad8 14. c3
Bc8 15. Qe2 Rfe8 16. Rad1 Qc5 17. Bh4 a6 18. Bc2 Qb6 19. b4 Qc7 20. Rd3 Qf4 21.
Bxf6 Bxf6 22. Rf3 Qd6 23. Qe4 Bxd4 24. Qxh7+ Kf8 25. cxd4 Qxd4 26. Qh5 Rd7 27.
Bg6 Qxb4 28. Rf1 Qd4 29. Bxf7 Red8 30. Bxe6+ Ke7 31. Bxd7 Rxd7 32. Rf7+ Kd8 33.
Rf8+ Kc7 34. Rc1+ Kb6 35. Rfxc8 1-0

[Event "C.to Provinciale KR 2007"]
[Site "Cutro ITA"]
[Date "2006.12.10"]
[Round "7"]
[White "Scalise, Sandro"]
[Black "Piccoli, Vincenzo"]
[Result "1/2-1/2"]
[WhiteElo "1625"]
[BlackElo "1700"]
[PlyCount "51"]
[EventDate "2006.12.07"]

1. d4 Nf6 2. Nf3 b6 3. Bf4 Ba6 4. g3 e6 5. Bg2 Bb7 6. O-O Be7 7. Re1 O-O 8. a3
d6 9. c4 Nbd7 10. Nc3 Ne4 11. Qc2 Nxc3 12. Qxc3 f5 13. Rad1 Bf6 14. Ng5 Bxg5
15. Bxb7 Rb8 16. Bxg5 Qxg5 17. f4 Qg6 18. Bc6 Nf6 19. Qf3 Ne4 20. Rd3 Rbd8 21.
Rc1 d5 22. cxd5 exd5 23. b4 Rf6 24. Ba4 Rc8 25. Bd7 Rd8 26. Ba4 1/2-1/2

[Event "C.to Provinciale KR 2007"]
[Site "Cutro ITA"]
[Date "2006.12.10"]
[Round "7"]
[White "Virelli, Salvatore"]
[Black "Manfredi, Candido"]
[Result "0-1"]
[WhiteElo "1539"]
[BlackElo "1572"]
[PlyCount "102"]
[EventDate "2006.12.07"]

1. e4 e5 2. Nf3 Nc6 3. Bc4 d6 4. d3 Na5 5. Nbd2 Nxc4 6. Nxc4 Be7 7. O-O Nf6 8.
h3 O-O 9. Re1 h6 10. c3 Nh7 11. d4 b5 12. Ne3 Ng5 13. Nxg5 Bxg5 14. Qf3 Bb7 15.
Nf5 Bxc1 16. Raxc1 Qg5 17. Qg3 Rae8 18. Qxg5 hxg5 19. d5 g6 20. Nh6+ Kg7 21.
Ng4 f5 22. Ne3 fxe4 23. b3 c5 24. b4 c4 25. a4 a6 26. a5 Re7 27. Rcd1 Ref7 28.
Rd2 Bc8 29. Nf1 Rf4 30. g3 Rf3 31. Rc2 Bxh3 32. Nh2 Rd3 33. Rcc1 Bf5 34. g4 Bc8
35. Red1 Rf4 36. Kg2 Bxg4 37. Rxd3 exd3 38. Nxg4 Rxg4+ 39. Kf3 Rf4+ 40. Kg3 Kf6
41. Kg2 e4 42. Re1 g4 43. Kg3 g5 44. Rh1 Kf5 45. Rd1 Ke5 46. Kg2 Kxd5 47. Kf1
g3 48. Rxd3+ exd3 49. Kg2 Rxf2+ 50. Kg1 d2 51. Kh1 d1=Q# 0-1

[Event "C.to Provinciale UD 2007"]
[Site "Udine ITA"]
[Date "2006.12.02"]
[Round "1"]
[White "Di Tomaso, Fausto"]
[Black "Gentile, Bruno"]
[Result "1-0"]
[WhiteElo "1601"]
[BlackElo "1410"]
[PlyCount "79"]
[EventDate "2006.12.02"]

1. d4 Nf6 2. c4 g6 3. Nc3 Bg7 4. e4 O-O 5. f3 c6 6. Be3 d5 7. cxd5 cxd5 8. Rc1
e6 9. e5 Ne8 10. f4 Nd7 11. Nf3 Nb6 12. b3 f5 13. Be2 a5 14. a4 Nc7 15. O-O Na6
16. Na2 Qe7 17. Bd2 Nb8 18. Qe1 Nc6 19. Qd1 Nd7 20. Nc3 Bh6 21. h4 b6 22. Nb5
Ndb8 23. g3 Ba6 24. Bd3 Bb7 25. Qe2 Rc8 26. Nd6 Rc7 27. Bb5 Nd8 28. Rxc7 Qxc7
29. Rc1 Nbc6 30. Nxb7 Qxb7 31. Qd3 Bf8 32. Bxc6 Nxc6 33. Ng5 Nd8 34. Kf2 h6 35.
Nf3 Kg7 36. Qb5 Be7 37. Ke3 Nf7 38. Qc6 Nd8 39. Qxb7 Nxb7 40. Rc7 1-0

[Event "C.to Provinciale UD 2007"]
[Site "Udine ITA"]
[Date "2006.12.02"]
[Round "1"]
[White "Lagomarsino, Piero"]
[Black "Bizzoco, Vito"]
[Result "0-1"]
[WhiteElo "1545"]
[BlackElo "1733"]
[PlyCount "94"]
[EventDate "2006.12.02"]

1. e4 c5 2. Nf3 e6 3. d4 cxd4 4. Nxd4 Nc6 5. Be2 Qc7 6. O-O a6 7. Be3 Nf6 8.
Nd2 d6 9. f4 Be7 10. Bd3 O-O 11. N2f3 Ng4 12. Bf2 Nxf2 13. Rxf2 Nxd4 14. Nxd4
b5 15. Nf3 d5 16. e5 Bc5 17. Bxh7+ Kh8 18. Nd4 g6 19. Bxg6 fxg6 20. c3 Bxd4 21.
cxd4 Bd7 22. Qg4 Kg7 23. Rf3 Qc2 24. Qg5 Qf5 25. Qe7+ Rf7 26. Qd6 Rc8 27. Qxa6
Qe4 28. Qa7 Rc2 29. Raf1 Rd2 30. Kh1 Qxd4 31. Qxd4 Rxd4 32. g3 Rc4 33. Kg1 b4
34. Rd1 Bb5 35. a3 Rc2 36. Rb3 Be2 37. Re1 bxa3 38. bxa3 Rd7 39. Rb6 Kf7 40.
Reb1 d4 41. Rd6 Rxd6 42. exd6 Ke8 43. a4 d3 44. a5 d2 45. Kf2 d1=Q 46. Rb8+ Kd7
47. a6 Bxa6+ 0-1

[Event "C.to Provinciale UD 2007"]
[Site "Udine ITA"]
[Date "2006.12.02"]
[Round "1"]
[White "Muradore, Aldo"]
[Black "Rorato, Giovanni Riccardo"]
[Result "0-1"]
[WhiteElo "1589"]
[BlackElo "2039"]
[PlyCount "143"]
[EventDate "2006.12.02"]

1. Nf3 Nf6 2. e3 g6 3. d4 Bg7 4. c4 d6 5. Nc3 Nbd7 6. Be2 O-O 7. O-O e5 8. dxe5
dxe5 9. Rb1 Re8 10. e4 c6 11. Bg5 Qc7 12. Qc2 Nc5 13. b4 Ne6 14. Rfd1 h6 15.
Bh4 Nh5 16. c5 g5 17. Bg3 Nhf4 18. Bc4 Ng6 19. Rd6 b5 20. Bb3 Rb8 21. Rbd1 Bf6
22. Qe2 Kg7 23. h3 Nef4 24. Qe3 Be7 25. R6d2 Rd8 26. Nh2 Ne6 27. Ne2 Rxd2 28.
Qxd2 Rb7 29. Qb2 Bf6 30. Qc3 Qe7 31. Qf3 Rd7 32. Ng4 Rxd1+ 33. Bxd1 Qd8 34. Bb3
Nef4 35. Ne3 Ne7 36. Ng4 Qd3 37. Qxd3 Nxd3 38. a3 h5 39. Nxf6 Kxf6 40. f3 Be6
41. Bxe6 Kxe6 42. Kf1 a5 43. bxa5 Nxc5 44. Bf2 Na6 45. Nc3 Nc8 46. Ke2 Nd6 47.
Bb6 Nc4 48. a4 b4 49. Nb1 Nb2 50. Kd2 Nxa4 51. Kc2 N4c5 52. Nd2 f5 53. Bd8 g4
54. hxg4 hxg4 55. fxg4 fxg4 56. g3 Kd6 57. Nc4+ Ke6 58. Nd2 Nb7 59. Bb6 Nd6 60.
Kb3 c5 61. Bd8 c4+ 62. Nxc4 Nxe4 63. Ne3 Nxg3 64. Nxg4 Nf5 65. Bg5 Kd5 66. Ne3+
Nxe3 67. Bxe3 Ke4 68. Bb6 Kd3 69. Bc5 e4 70. Bxb4 Nxb4 71. Kxb4 e3 72. a6 0-1

[Event "C.to Provinciale UD 2007"]
[Site "Udine ITA"]
[Date "2006.12.02"]
[Round "1"]
[White "Orsatti, Marcello"]
[Black "Canciani, Sardo"]
[Result "1-0"]
[WhiteElo "1770"]
[BlackElo "1547"]
[PlyCount "59"]
[EventDate "2006.12.02"]

1. c4 e6 2. Nc3 f5 3. g3 Nf6 4. Bg2 Be7 5. d3 d6 6. e4 fxe4 7. dxe4 e5 8. Nge2
O-O 9. O-O Qe8 10. Nd5 Nxd5 11. cxd5 b6 12. Nc3 Na6 13. Be3 Nc5 14. b4 Nb7 15.
Qd3 a6 16. Rac1 Bd8 17. Rc2 Bd7 18. Rfc1 a5 19. a3 axb4 20. axb4 Ra3 21. Qd2
Rf7 22. Bf1 Ra8 23. Ra2 Rxa2 24. Qxa2 c6 25. dxc6 Bxc6 26. Bc4 Be7 27. Bxf7+
Qxf7 28. Qxf7+ Kxf7 29. Nd5 Bxd5 30. exd5 1-0

[Event "C.to Provinciale UD 2007"]
[Site "Udine ITA"]
[Date "2006.12.02"]
[Round "1"]
[White "Paiaro, Solivano"]
[Black "Venuti, Federico"]
[Result "0-1"]
[WhiteElo "1320"]
[BlackElo "1601"]
[PlyCount "37"]
[EventDate "2006.12.02"]

1. e4 e5 2. Bc4 Nf6 3. d3 Be7 4. Nf3 d5 5. exd5 O-O 6. Bg5 Nxd5 7. Bxe7 Nxe7 8.
O-O Nbc6 9. Re1 Ng6 10. Nc3 Bg4 11. h3 Bf5 12. a3 Nd4 13. Nb5 Nxb5 14. Bxb5 c6
15. Bc4 Qf6 16. Rb1 Rfd8 17. Qd2 Bxh3 18. gxh3 Qxf3 19. Kh2 0-1

[Event "C.to Provinciale UD 2007"]
[Site "Udine ITA"]
[Date "2006.12.02"]
[Round "1"]
[White "Redo, Stefano"]
[Black "Cerretelli, Roberto"]
[Result "1-0"]
[WhiteElo "1931"]
[BlackElo "1557"]
[PlyCount "61"]
[EventDate "2006.12.02"]

1. e4 g6 2. d4 Bg7 3. Nf3 d6 4. Bc4 f5 5. e5 d5 6. Bd3 Nh6 7. c4 c6 8. Nc3 a6
9. Qb3 e6 10. Bg5 Qa5 11. Bd2 Qd8 12. cxd5 cxd5 13. Na4 Nd7 14. Ng5 Nf8 15. Nb6
Rb8 16. Rc1 Nf7 17. Nxc8 Rxc8 18. Nxf7 Rxc1+ 19. Bxc1 Kxf7 20. Qxb7+ Kg8 21.
Qxa6 Qh4 22. Qb6 h5 23. a4 Bxe5 24. dxe5 Qxa4 25. O-O Rh7 26. Bg5 Qg4 27. h4 f4
28. f3 Qg3 29. Bxg6 Rg7 30. Bxh5 Rh7 31. Bg4 1-0

[Event "C.to Provinciale UD 2007"]
[Site "Udine ITA"]
[Date "2006.12.02"]
[Round "1"]
[White "Sialino, Roberto"]
[Black "Muzzolini, Claudio"]
[Result "0-1"]
[WhiteElo "1551"]
[BlackElo "1772"]
[PlyCount "100"]
[EventDate "2006.12.02"]

1. e4 e5 2. Nf3 Nf6 3. Nc3 Nc6 4. d4 Bb4 5. Bg5 Qe7 6. d5 Nd4 7. a3 Ba5 8. Bd3
h6 9. Be3 Nxf3+ 10. Qxf3 d6 11. h3 Bd7 12. O-O g5 13. g4 Bb6 14. Bd2 O-O-O 15.
Ne2 Rdg8 16. Ng3 Rg6 17. a4 a6 18. b4 h5 19. Nf5 Qf8 20. Kg2 hxg4 21. hxg4 Bxf5
22. Qxf5+ Kb8 23. a5 Ba7 24. b5 axb5 25. Bxb5 Rh4 26. Be2 Nh7 27. Qf3 Rf6 28.
Qb3 Qh6 29. Qg3 Bxf2 30. Rxf2 Rh2+ 31. Qxh2 Rxf2+ 32. Kxf2 Qxh2+ 33. Kf3 Qh3+
34. Kf2 Nf6 35. Bf3 Nxg4+ 36. Bxg4 Qxg4 37. Ke3 Qg3+ 38. Ke2 g4 39. Be3 Qf3+
40. Kd3 f5 41. exf5 Qxf5+ 42. Kd2 Qe4 43. Rf1 Qxd5+ 44. Kc1 c5 45. Rd1 Qc6 46.
c4 Kc7 47. Bh6 Qa4 48. Bf8 Qxc4+ 49. Kb1 Qe4+ 50. Kc1 Qf4+ 0-1

[Event "C.to Provinciale UD 2007"]
[Site "Udine ITA"]
[Date "2006.12.02"]
[Round "1"]
[White "Viola, Enrico"]
[Black "Prenassi, Davide"]
[Result "0-1"]
[WhiteElo "1431"]
[BlackElo "1614"]
[PlyCount "48"]
[EventDate "2006.12.02"]

1. d4 d5 2. c4 dxc4 3. e3 e5 4. Bxc4 exd4 5. exd4 Nf6 6. Nf3 Be7 7. O-O O-O 8.
Nc3 c6 9. Re1 Bg4 10. Be3 Bb4 11. Bd3 Nbd7 12. Bg5 Qa5 13. Bd2 Nb6 14. Re5 Nbd5
15. h3 Bh5 16. Nxd5 cxd5 17. Bg5 Nd7 18. Re3 f6 19. Bf4 Rfe8 20. Qe2 Rxe3 21.
Qxe3 Re8 22. Qc1 Bxf3 23. gxf3 Re1+ 24. Qxe1 Bxe1 0-1

[Event "C.to Provinciale UD 2007"]
[Site "Udine ITA"]
[Date "2006.12.03"]
[Round "2"]
[White "Bizzoco, Vito"]
[Black "Di Tomaso, Fausto"]
[Result "1-0"]
[WhiteElo "1733"]
[BlackElo "1601"]
[PlyCount "85"]
[EventDate "2006.12.02"]

1. d4 d5 2. c4 c6 3. Nf3 Nf6 4. Nc3 e6 5. e3 Be7 6. Bd3 dxc4 7. Bxc4 b5 8. Bd3
Bb7 9. O-O a6 10. e4 Nbd7 11. e5 Nd5 12. Nxd5 cxd5 13. Re1 h6 14. Bf4 g5 15.
Be3 g4 16. Nd2 h5 17. f4 Nf8 18. Rc1 Rc8 19. Rxc8 Qxc8 20. Nb3 Nd7 21. f5 Nb6
22. fxe6 fxe6 23. Bg6+ Kd7 24. Nc5+ Bxc5 25. dxc5 Nc4 26. Bd4 Qg8 27. Bd3 Na5
28. Rf1 Nc6 29. Bb1 Qg7 30. Rf6 Rh6 31. Qf1 Rxf6 32. exf6 Qf7 33. Bg6 Qxg6 34.
f7 Qe4 35. f8=Q Qxd4+ 36. Kh1 Ne7 37. Q8f2 Qg7 38. b4 Nf5 39. Qf4 g3 40. h3 Kc8
41. Qe1 Kd7 42. Qee5 Qf7 43. Qc7+ 1-0

[Event "C.to Provinciale UD 2007"]
[Site "Udine ITA"]
[Date "2006.12.03"]
[Round "2"]
[White "Canciani, Sardo"]
[Black "Paiaro, Solivano"]
[Result "1-0"]
[WhiteElo "1547"]
[BlackElo "1320"]
[PlyCount "75"]
[EventDate "2006.12.02"]

1. d4 d5 2. Bf4 Bf5 3. e3 c6 4. Nf3 Nf6 5. h3 h6 6. Be2 e6 7. c4 c5 8. dxc5
Bxc5 9. cxd5 Nxd5 10. Bh2 O-O 11. O-O Bd6 12. Bxd6 Qxd6 13. Na3 a6 14. Nc4 Qd8
15. Qb3 b5 16. Nce5 Qd6 17. a3 Nc6 18. Nxc6 Qxc6 19. Rac1 Qd6 20. Nd4 Bg6 21.
Rc6 Qd7 22. Rfc1 Rfc8 23. Bd3 Rxc6 24. Rxc6 Rc8 25. Rxa6 Rc1+ 26. Kh2 Qc7+ 27.
g3 Qb7 28. Qxb5 Nb6 29. Bf1 Be4 30. Rxb6 Qc7 31. Bg2 Bd3 32. Rc6 Rxc6 33. Qxc6
Qe5 34. b4 Qf6 35. Qf3 Qe7 36. b5 Qxa3 37. Qa8+ Kh7 38. Qxa3 1-0

[Event "C.to Provinciale UD 2007"]
[Site "Udine ITA"]
[Date "2006.12.03"]
[Round "2"]
[White "Cerretelli, Roberto"]
[Black "Viola, Enrico"]
[Result "0-1"]
[WhiteElo "1557"]
[BlackElo "1431"]
[PlyCount "76"]
[EventDate "2006.12.02"]

1. d4 d5 2. c4 c6 3. Nc3 Nf6 4. Nf3 e6 5. Bg5 Nbd7 6. e3 Bb4 7. Rc1 Qa5 8. Bf4
Ne4 9. Qb3 Ndf6 10. Bd3 O-O 11. O-O dxc4 12. Bxc4 g5 13. Nxe4 Nxe4 14. Be5 g4
15. Qd3 f5 16. Nh4 b5 17. Nxf5 Rxf5 18. Qxe4 bxc4 19. Qxg4+ Kf8 20. Qg7+ Ke8
21. Rxc4 Rf7 22. Qg4 Bd7 23. Rxc6 Bxc6 24. Qxe6+ Kf8 25. Qxc6 Rd8 26. Qh6+ Ke8
27. Qe6+ Be7 28. Rc1 Qd5 29. Qg4 Bd6 30. Qg8+ Ke7 31. Qg5+ Kd7 32. e4 Qe6 33.
Rc6 Be7 34. Rc7+ Ke8 35. Qg8+ Bf8 36. d5 Qg6 37. Qh8 Rxc7 38. Bxc7 Qxe4 0-1

[Event "C.to Provinciale UD 2007"]
[Site "Udine ITA"]
[Date "2006.12.03"]
[Round "2"]
[White "Gentile, Bruno"]
[Black "Lagomarsino, Piero"]
[Result "0-1"]
[WhiteElo "1410"]
[BlackElo "1545"]
[PlyCount "116"]
[EventDate "2006.12.02"]

1. d4 Nf6 2. e3 g6 3. g3 d5 4. c4 c6 5. Bg2 Bg7 6. Qc2 Bf5 7. Qb3 Qc7 8. Nc3
dxc4 9. Qxc4 O-O 10. Nge2 Nbd7 11. e4 Nb6 12. Qd3 Be6 13. b3 Rad8 14. Be3 Ng4
15. Rd1 f5 16. O-O fxe4 17. Bxe4 Ne5 18. Qc2 Ng4 19. Nb5 Qc8 20. Nxa7 Qa8 21.
Nxc6 bxc6 22. Qxc6 Qxc6 23. Bxc6 Nxe3 24. fxe3 Bh3 25. Rxf8+ Rxf8 26. Nf4 Bg4
27. Rc1 g5 28. Nd5 Nxd5 29. Bxd5+ e6 30. Bc4 Kf7 31. Rf1+ Ke7 32. Rxf8 Bxf8 33.
Kg2 Kd6 34. h3 Bh5 35. a4 e5 36. a5 exd4 37. exd4 Kc7 38. a6 Kb6 39. g4 Bg6 40.
Kf3 Bd6 41. Ke3 h6 42. Be2 Bf4+ 43. Kf3 Bb8 44. b4 Ba7 45. b5 Kc7 46. Ke3 Kd6
47. Bf3 Bb6 48. Be4 Bf7 49. Kd3 Bd5 50. Ke3 Bc4 51. Bd3 Bxd3 52. Kxd3 Kd5 53.
Kc3 Bxd4+ 54. Kb4 Bb6 55. Ka4 Kc4 56. a7 Bxa7 57. Ka5 Kc5 58. Ka6 Bb6 0-1

[Event "C.to Provinciale UD 2007"]
[Site "Udine ITA"]
[Date "2006.12.03"]
[Round "2"]
[White "Muzzolini, Claudio"]
[Black "Zuttioni, Federico"]
[Result "0-1"]
[WhiteElo "1772"]
[BlackElo "1626"]
[PlyCount "66"]
[EventDate "2006.12.02"]

1. e4 c5 2. b3 Nf6 3. e5 Nd5 4. c4 Nb4 5. Bb2 d6 6. a3 N4c6 7. f4 dxe5 8. fxe5
Nd4 9. Nf3 Nbc6 10. Be2 g6 11. Nc3 Bg7 12. b4 Nxf3+ 13. Bxf3 Nxe5 14. Be2 Bf5
15. O-O Nd3 16. Bxd3 Bxd3 17. Rf3 O-O 18. Na4 Bxb2 19. Nxb2 Bf5 20. Na4 Bg4 21.
Nxc5 Bxf3 22. gxf3 Qd4+ 23. Kg2 b6 24. Ne4 Rfd8 25. c5 f5 26. Ng5 Qxd2+ 27.
Qxd2 Rxd2+ 28. Kg3 bxc5 29. bxc5 h6 30. Ne6 Kf7 31. Re1 Rc8 32. c6 Rxc6 33.
Nd8+ Rxd8 0-1

[Event "C.to Provinciale UD 2007"]
[Site "Udine ITA"]
[Date "2006.12.03"]
[Round "2"]
[White "Prenassi, Davide"]
[Black "Redo, Stefano"]
[Result "0-1"]
[WhiteElo "1614"]
[BlackElo "1931"]
[PlyCount "126"]
[EventDate "2006.12.02"]

1. d4 Nf6 2. c4 c5 3. d5 b5 4. cxb5 a6 5. f3 axb5 6. e4 Qa5+ 7. Bd2 b4 8. Na3
e6 9. Nc4 Qc7 10. dxe6 fxe6 11. e5 Nd5 12. Bd3 Ba6 13. f4 g6 14. Nf3 Nb6 15.
Nxb6 Qxb6 16. Be3 d5 17. exd6 Qxd6 18. Qa4+ Qd7 19. Qxd7+ Nxd7 20. Kd2 Bg7 21.
Be4 O-O-O 22. Kc2 Nf6 23. Bc6 Kc7 24. Ba4 Rd5 25. Rhd1 Rhd8 26. Rxd5 Rxd5 27.
Ng5 Bd3+ 28. Kb3 Bf5 29. Kc4 h6 30. Nf3 Bd3+ 31. Kb3 Ba6 32. Bg1 Rd3+ 33. Kc2
Nd5 34. Bxc5 Nxf4 35. Ne1 Rd5 36. Bxb4 Re5 37. Rd1 Re2+ 38. Rd2 Nd5 39. Ba5+
Kd6 40. b4 Rxd2+ 41. Kxd2 Bc3+ 42. Kc2 Bxe1 43. a3 Ne3+ 44. Kb3 Bc4+ 45. Kb2
Nxg2 46. Bb6 Nf4 47. Bc2 g5 48. Bc5+ Kc6 49. Be4+ Kb5 50. Bf8 Bf2 51. Kc3 Bd5
52. Bc2 h5 53. Bh6 Be1+ 54. Kd4 Bh4 55. Bf8 g4 56. Ke5 Bg5 57. a4+ Kb6 58. Bc5+
Kb7 59. b5 h4 60. Bf2 Ne2 61. a5 g3 62. a6+ Ka8 63. hxg3 h3 0-1

[Event "C.to Provinciale UD 2007"]
[Site "Udine ITA"]
[Date "2006.12.03"]
[Round "3"]
[White "Lagomarsino, Piero"]
[Black "Muzzolini, Claudio"]
[Result "0-1"]
[WhiteElo "1545"]
[BlackElo "1772"]
[PlyCount "78"]
[EventDate "2006.12.02"]

1. e4 e5 2. Nf3 Nf6 3. Bc4 Nc6 4. Ng5 d5 5. exd5 Na5 6. Bb5+ c6 7. dxc6 bxc6 8.
Be2 Nd5 9. d3 Be7 10. Nf3 Qc7 11. O-O O-O 12. Nbd2 Nf4 13. Ne4 Nxe2+ 14. Qxe2
c5 15. Nc3 Nc6 16. Nd5 Qd8 17. Nxe7+ Qxe7 18. Re1 Re8 19. b3 Bb7 20. Bb2 f6 21.
Nd2 Nb4 22. Nc4 Qd7 23. a3 Nd5 24. g3 Rad8 25. f3 Qh3 26. Qg2 Qh5 27. Nd2 Nc7
28. g4 Qf7 29. Ne4 Ne6 30. Qg3 g5 31. Kf2 Rd5 32. h4 Rf8 33. Re3 Rd7 34. Rg1 h6
35. Rh1 Nd4 36. hxg5 hxg5 37. Qh3 Qg7 38. Nxc5 Rc7 39. Bxd4 39... Bc8 {...} 0-1

[Event "C.to Provinciale UD 2007"]
[Site "Udine ITA"]
[Date "2006.12.03"]
[Round "3"]
[White "Menon, Michele"]
[Black "Canciani, Sardo"]
[Result "1-0"]
[WhiteElo "1684"]
[BlackElo "1547"]
[PlyCount "71"]
[EventDate "2006.12.02"]

1. Nf3 e6 2. d3 d5 3. g3 Nf6 4. Bg2 b6 5. O-O Be7 6. Nbd2 Bb7 7. Re1 c5 8. e4
dxe4 9. Ne5 Qc7 10. Nxe4 Nxe4 11. Rxe4 Nc6 12. Bf4 Bd6 13. Nc4 Bxf4 14. Rxf4
O-O 15. Qh5 Nd4 16. Bxb7 Qxb7 17. c3 Ne2+ 18. Qxe2 Rad8 19. Rd1 Rd7 20. Ne5 Re7
21. h4 f6 22. Nc4 Qc6 23. h5 e5 24. Re4 Qc7 25. d4 cxd4 26. cxd4 f5 27. Rxe5
Rxe5 28. Nxe5 f4 29. Qc4+ Qxc4 30. Nxc4 fxg3 31. fxg3 Rf6 32. Kg2 Rf5 33. g4
Rd5 34. Kf3 g6 35. hxg6 hxg6 36. Ne3 1-0

[Event "C.to Provinciale UD 2007"]
[Site "Udine ITA"]
[Date "2006.12.03"]
[Round "3"]
[White "Muradore, Aldo"]
[Black "Gentile, Bruno"]
[Result "1-0"]
[WhiteElo "1589"]
[BlackElo "1410"]
[PlyCount "43"]
[EventDate "2006.12.02"]

1. Nf3 Nf6 2. e3 d6 3. Be2 e5 4. O-O Be7 5. c4 O-O 6. d4 Nbd7 7. Nc3 c6 8. e4
Nh5 9. Nxe5 dxe5 10. Bxh5 Nf6 11. dxe5 Qxd1 12. Bxd1 Nd7 13. f4 Nc5 14. Bc2 Bg4
15. f5 f6 16. e6 Rad8 17. Be3 a6 18. h3 Bh5 19. g4 Be8 20. Rad1 g6 21. Rxd8
Bxd8 22. Bxc5 1-0

[Event "C.to Provinciale UD 2007"]
[Site "Udine ITA"]
[Date "2006.12.03"]
[Round "3"]
[White "Orsatti, Marcello"]
[Black "Rorato, Giovanni Riccardo"]
[Result "1-0"]
[WhiteElo "1770"]
[BlackElo "2039"]
[PlyCount "73"]
[EventDate "2006.12.02"]

1. c4 g6 2. Nc3 Bg7 3. g3 d6 4. Bg2 e5 5. d3 f5 6. e4 Nf6 7. Nge2 Nc6 8. O-O
O-O 9. f4 Be6 10. Nd5 Qd7 11. Nxf6+ Bxf6 12. Nc3 Rab8 13. Be3 Bg7 14. Qd2 exf4
15. Bxf4 Nd4 16. Rae1 b5 17. exf5 Bxf5 18. Bg5 Rfe8 19. Nd5 Ne6 20. Nf6+ Bxf6
21. Bxf6 Ng7 22. Qh6 Nh5 23. Bd5+ Be6 24. Be4 Nxf6 25. Rxf6 Qg7 26. Qg5 Bf5 27.
Bd5+ Kh8 28. Rf1 Rf8 29. Rxf8+ Rxf8 30. Qe3 h5 31. cxb5 Rc8 32. d4 Kh7 33. Re1
Re8 34. Qxe8 Qxd4+ 35. Qe3 Qxd5 36. Qe7+ Kh6 37. h4 1-0

[Event "C.to Provinciale UD 2007"]
[Site "Udine ITA"]
[Date "2006.12.03"]
[Round "3"]
[White "Redo, Stefano"]
[Black "Bizzoco, Vito"]
[Result "1/2-1/2"]
[WhiteElo "1931"]
[BlackElo "1733"]
[PlyCount "190"]
[EventDate "2006.12.02"]

1. e4 c5 2. Nf3 e6 3. d4 cxd4 4. Nxd4 Nc6 5. Nb3 Qc7 6. Nc3 a6 7. Bd3 Nf6 8.
Bg5 Be7 9. O-O d6 10. Re1 O-O 11. Rc1 b5 12. Re3 g6 13. Rf3 Kg7 14. Qd2 Ng4 15.
h3 Bxg5 16. Qxg5 Nge5 17. Qf6+ Kg8 18. Rg3 Qe7 19. Qf4 Bb7 20. Qh6 Rac8 21. f4
Nxd3 22. cxd3 Qf6 23. f5 Qg7 24. Qf4 Qe5 25. Qg5 f6 26. Qg4 exf5 27. exf5 g5
28. Ne4 Ne7 29. Rf1 Bxe4 30. dxe4 h5 31. Qf3 Rc2 32. Rf2 Rfc8 33. Qd3 Rxf2 34.
Kxf2 Qxb2+ 35. Kg1 Qe5 36. Rf3 Rc4 37. Re3 Nc6 38. Nd2 Rc1+ 39. Kf2 Qd4 40.
Qb3+ Kg7 41. Nf3 Qc4 42. Rd3 Na5 43. Qa3 Qc5+ 44. Nd4 Qxa3 45. Rxa3 Nc4 46.
Rxa6 Rb1 47. Ra7+ Kf8 48. Ne6+ Ke8 49. Ng7+ Kd8 50. Nxh5 Rb2+ 51. Kg3 Nd2 52.
Nxf6 Nf1+ 53. Kf3 Nh2+ 54. Ke3 Rxg2 55. Nd5 Rg3+ 56. Kf2 Rxh3 57. f6 Ke8 58.
Kg2 Rh6 59. Re7+ Kf8 60. Rd7 Ng4 61. Rxd6 Kf7 62. Rd7+ Kf8 63. Rb7 Nxf6 64.
Nxf6 Rxf6 65. Rxb5 Ra6 66. Rb2 Ke7 67. Kf3 Ke6 68. Kg4 Ra4 69. Re2 Ke5 70. Kxg5
Rxe4 71. Rd2 Rd4 72. Rb2 Rd1 73. Rb5+ Kd6 74. Kf4 Kc6 75. Rb2 Ra1 76. Ke4 Kc5
77. Kd3 Rd1+ 78. Kc3 Rc1+ 79. Kb3 Kb5 80. Rh2 Rb1+ 81. Kc2 Re1 82. Kb2 Rg1 83.
a3 Rg6 84. Rh3 Ka5 85. Kb3 Kb5 86. a4+ Kb6 87. Rh4 Rg3+ 88. Kb4 Rg6 89. Rf4 Ka6
90. a5 Rh6 91. Rc4 Rg6 92. Rd4 Rh6 93. Rd8 Rh4+ 94. Kc5 Rh5+ 95. Kc6 Rh6+
1/2-1/2

[Event "C.to Provinciale UD 2007"]
[Site "Udine ITA"]
[Date "2006.12.03"]
[Round "3"]
[White "Santacroce, Fidel"]
[Black "Cerretelli, Roberto"]
[Result "1-0"]
[WhiteElo "1643"]
[BlackElo "1557"]
[PlyCount "47"]
[EventDate "2006.12.02"]

1. e4 g6 2. d4 Bg7 3. Nc3 d6 4. Be3 Nc6 5. a4 e5 6. d5 Nce7 7. Nf3 f5 8. Bb5+
Bd7 9. h4 h6 10. Qd3 a6 11. Bxd7+ Qxd7 12. O-O Nf6 13. b4 f4 14. Bd2 Qg4 15.
Qc4 Rc8 16. a5 c6 17. dxc6 bxc6 18. Qxa6 d5 19. exd5 Nfxd5 20. Nxd5 Nxd5 21.
Rfe1 O-O 22. c4 Ne7 23. Nxe5 Nf5 24. Nxg4 1-0